Szczegóły MARC21

Słownik międzynarodowego mianownictwa anatomicznego /

003 -Nazwa inst., której nr kontr. jest w polu 001 [,]
    • @
    • Nazwa instytucji, której n kontrolny jest w polu 001
    • NUKAT
005 -DATA I CZAS OSTATNIEJ MODYFIKACJI [,]
    • @
    • pole kontrolne
    • 20241231111112.0
020 -Międzynarod. znormalizowany nr książki - ISBN [ , ]
    • a
    • Numer ISBN
    • 8322710518 Find
040 -Instytucja sporządzająca opis [ , ]
    • a
    • Instytucja, która sporządziła opis (NP)
    • OLSZT 003/WO
    • c
    • Instytucja, która sporządziła rekord (NP)
    • OLSZT 003/WO
    • d
    • Instytucja, która zmodyfikowała rekord (P)
    • OLSZT 003/WO
    • d
    • Instytucja, która zmodyfikowała rekord (P)
    • OLSZT 003/WO
    • d
    • Instytucja, która zmodyfikowała rekord (P)
    • OLSZT 003/DSs
041 -Język dokumentu [0, ]
    • a
    • Język tekstu (P)
    • polski
    • a
    • Język tekstu (P)
    • łaciński
942 -Rodzaj dokumentu [ , ]
    • c
    • Rodzaj dokumentu
    • Książka
100 -Hasło główne - nazwa osobowa [1, ]
    • a
    • Nazwa osobowa (NP)
    • Urbanowicz, Zygmunt
    • d
    • Daty biograficzne (NP)
    • (1931-2011).
    • 9
    • KHW
    • 652094
245 -Strefa tytułu i oznaczenia odpowiedzialności [1,0]
    • a
    • Tytuł
    • Słownik międzynarodowego mianownictwa anatomicznego / Find
    • c
    • Pozostałe elementy strefy tytułu i oznaczenia odpowiedzialności (NP)
    • Zygmunt Urbanowicz.
260 -Strefa adresu wydawniczego [ , ]
    • a
    • Miejsce wydania (P)
    • Lublin :
    • b
    • Nazwa wydawcy (P)
    • Wydaw. Uniwersytetu Marii Curie-Skłodowskiej,
    • c
    • Data wydania (P)
    • 1997.
300 -Strefa opisu fizycznego [ , ]
    • a
    • Określenie formy książki i/lub objętość (NP)
    • 334 s. ;
    • c
    • Format (NP)
    • 21 cm.
336 -Typ zawartości [ , ]
    • a
    • Termin opisujący typ zawartości
    • Tekst
    • b
    • Kod określający zawartość
    • txt
    • 2
    • Źródło (terminu i kodu)
    • rdacontent
337 -Typ mediów [ , ]
    • a
    • Tryb odtwarzania
    • Bez urządzenia pośredniczącego
    • b
    • Kod typu mediów
    • n
    • 2
    • Źródło (terminu i kodu)
    • rdamedia
338 -Typ/rodzaj nośnika [ , ]
    • a
    • Hasło opisujące typ nośnika
    • Wolumin
    • b
    • Kod typu nośnika
    • nc
    • 2
    • Źródło (terminu i kodu)
    • rdacarrier
504 -Uwaga dot. bibliogr. załącznikowej [ , ]
    • a
    • Uwaga dot. bibliografii załącznikowej
    • Bibliogr. s. [7].
504 -Uwaga dot. bibliogr. załącznikowej [ , ]
    • a
    • Uwaga dot. bibliografii załącznikowej
    • Indeks.
080 -Uniwersalna Klasyfikacja Dziesiętna [ , ]
    • a
    • Symbol klasyfikacji
    • 611(038)=71=84
650 -Hasło przedmiotowe [ ,7]
    • a
    • Hasło przedmiotowe
    • Anatomia
    • x
    • Określnik rzeczowy
    • terminologia.
    • 2
    • Źródło terminu
    • kaba
    • 9
    • KHW
    • 425675
650 -Hasło przedmiotowe [ ,7]
    • a
    • Hasło przedmiotowe
    • Język łaciński
    • x
    • Określnik rzeczowy
    • język medyczny
    • v
    • Określnik formalny
    • glosaria.
    • 2
    • Źródło terminu
    • kaba
    • 9
    • KHW
    • 432961
650 -Hasło przedmiotowe [ ,7]
    • a
    • Hasło przedmiotowe
    • Język polski
    • x
    • Określnik rzeczowy
    • język medyczny
    • v
    • Określnik formalny
    • glosaria.
    • 2
    • Źródło terminu
    • kaba
    • 9
    • KHW
    • 113358
980 -Symbol UKD [ , ]
    • a
    • UKD
    • 611(038)=71=84
710 -Hasło dodatkowe - nazwa ciała zbiorowego [2, ]
    • a
    • Nazwa ciała zbiorowego lub nazwa geograficzna jako pierwszy element (NP)
    • Uniwersytet Marii Curie-Skłodowskiej (Lublin).
    • b
    • Nazwa jednostki podrzędnej (P)
    • Wydawnictwo.
    • 4
    • Kod relacji
    • pbl
    • 9
    • KHW
    • 51608
920 -ISBN [ , ]
    • a
    • ISBN
    • 83-227-1051-8 Find
Lokalizacja Status udost. Sygnatura Data inwentaryzacji Numer inwentarzowy
BG1Z.942701999-06-25Z.94270
BM1Med. słowniki jęz. 071999-06-25WF.6291